00702nam a2200205 i 450000100060000000300090000600500170001500700030003200800410003510000210007624500500009725000120014726000400015930000300019949000440022983000520027385200320032599900170035795201220037425346ES-MaACL20230906153237.0t|021224s1967 sp ||||1| spa d1 aArmas, S.92292410aTrabajos de albañilería / cpor S. Armas. a4ª ed. aBarcelona : bJuan Bruguer, c1967. a224 p. : bil. ; c22 cm.1 aBiblioteca práctica de construcción0 aBiblioteca práctica de construcción9180967 aES-MaACLjC-33040 bR.63790 c25346d25346 00104070aATENEOMbATENEOMcDEPO2d2008-01-17eSCl0oC-33040p1026130r2023-02-23 00:00:00w2023-02-23yMONOGRAFIA